Statistics for US Capitals That Have Less Than 2% Of Their States Population

Click here to take the quiz!

General Stats

  • This quiz has been taken 47 times
  • The average score is 11 of 14

Answer Stats

%Answer% Correct
0.5Albany
90%
1.3Sacramento
90%
0.7Olympia
83%
0.9Tallahassee
83%
0.9Springfield
81%
1.0Trenton
81%
1.1Lansing
76%
0.6Annapolis
71%
0.4Harrisburg
71%
0.7Jefferson City
71%
1.4Augusta
69%
1.7Pierre
67%
0.6Frankfort
64%
1.2Montpelier
62%

Score Distribution

Percentile by Number Answered

Percent of People with Each Score

Your Score History

You have not taken this quiz